| 000 | 00438nam a2200169 4500 | ||
|---|---|---|---|
| 001 | 3564 | ||
| 005 | 20181127171502.0 | ||
| 010 | 0 | 0 | _a |
| 020 | 0 | 0 | _a9788192131382 |
| 090 | 0 | 0 | _a658 C4356m 2013 |
| 100 | 0 | 0 | _aChakraborty, Swati. |
| 245 | 0 | 0 |
_aManagement : _bTheory and practice / _cDr. Swati Chakraborty. _h |
| 250 | 0 | 0 | _a1st ed. |
| 260 | 0 | 0 |
_aKolkata : _bElegant Publications, _c2013. |
| 300 | 0 | 0 | _avi, 193 p ; 24 cm. |
| 650 | 0 | 0 |
_aManagement. _x |
| 999 |
_c2901 _d2901 |
||